| 000 | 00320nam a22001217a 4500 | ||
|---|---|---|---|
| 008 | 230619b xxu||||| |||| 00| 0 eng d | ||
| 082 |
_a301.03 _bMIT |
||
| 100 | _cG. Duncan Mitchell | ||
| 245 | _a A NEW DICTIONARY OF SOCIOLOGY | ||
| 260 |
_aLondon _bRoutledge and Kegan Paul Ltd _c1979 |
||
| 300 | _a244p | ||
| 942 |
_2ddc _cBK |
||
| 999 |
_c1226 _d1226 |
||